Dialects and Languages of France on a Map - Statistics

General Stats
  • This quiz has been taken 1,071 times
  • The average score is 8 of 26
Answers on the Map
Answers color-coded by a green-red scale on the quiz's map according to % correct below.
 
Answer Stats
Dialect % Correct
Breton
90%
Basque
85%
Norman
82%
Catalan
79%
Picard
56%
Provençal
51%
Alsatian
49%
Lorrain
42%
Walloon
36%
Burgundian
35%
Franco-Provençal
34%
Gascon
32%
Gallo
23%
Limousin
17%
Orléanais
16%
Angevin
14%
Poitevin
14%
Champenois
13%
Languedocien
13%
Auvergnat
12%
Francien
11%
Berrichon
8%
Tourangeau
7%
Saintongeais
6%
Vivaro-Alpine
4%
Frainc-Comtou
3%
No matching quizzes found
Score Distribution
Percent of People with Each Score
Percentile by Number Answered
Your Score History
You have not taken this quiz